| 000 | 00549nam a22002177a 4500 | ||
|---|---|---|---|
| 003 | OSt | ||
| 005 | 20150401173557.0 | ||
| 008 | 150401b xxu||||| |||| 00| 0 eng d | ||
| 020 | _a9781444122312 | ||
| 040 | _cDNLM | ||
| 082 | _aWP100 G212m 2011 | ||
| 100 |
_aMonga, Ash _93539 |
||
| 245 | _aGyaecology by Ten Teachers | ||
| 250 | _a19th ed. | ||
| 260 |
_aLondon; _bCRC Press, _c2011 |
||
| 300 |
_a206p; _bcol.ill: _c25cm |
||
| 504 | _aAppendix, & index | ||
| 650 |
_aGyaecology _96 |
||
| 700 |
_aDobbs, Stephen editor _93540 |
||
| 942 |
_2z _cSLOAN |
||
| 999 |
_c1332 _d1332 |
||